[Event "Asian Continental op 20th"]
[Site "Almaty"]
[Date "2023.06.05"]
[Round "2"]
[White "Tsoy, Maxim1111"]
[Black "Tleukhanov, Yerlan"]
[Result "1/2-1/2"]
[WhiteElo "1588"]
[BlackElo "1959"]
[PlyCount "97"]
[EventDate "2023.06.04"]
[EventType "swiss"]
[EventRounds "9"]
[EventCountry "KAZ"]
[SourceTitle "CBM 214 Extra"]
[Source "ChessBase"]
[SourceDate "2023.07.31"]
[SourceVersion "1"]
[SourceVersionDate "2023.07.31"]
[SourceQuality "1"]

1. e4 e5 2. Nf3 Nc6 3. Bb5 a6 4. Ba4 Nf6 5. 0-0 Be7 6. Re1 b5 7. Bb3 d6 8. c3 0-0 9. h3 Nb8 10. d4 Nbd7 11. Nbd2 Bb7 12. Bc2 Re8 13. Nf1 Bf8 14. Ng3 g6 15. a4 c5 16. d5 c4 17. Be3 Qc7 18. Qd2 Nc5 19. axb5 axb5 20. Bh6 Bxh6 21. Qxh6 Qe7 22. Ng5 Rxa1 23. Rxa1 Ra8 24. Rxa8+ Bxa8 25. Kh2 Kh8 26. Nf1 Ncd7 27. Qh4 Qf8 28. Ne3 h6 29. Ng4 Nxg4+ 30. hxg4 Kg7 31. Nf3 f6 32. Ng1 Qb8 33. f4 Qa7 34. f5 Qa1 35. fxg6 Qxb2 36. Ne2 Bxd5 37. exd5 Qxc2 38. Ng3 Qxg6 39. Nf5+ Kh7 40. Nxd6 e4 41. Nxb5 Ne5 42. Kh3 e3 43. Nd4 Nd3 44. Ne6 Qe4 45. Qh5 Nf2+ 46. Kg3 Qxg4+ 47. Qxg4 Nxg4 48. Kf3 Kg8 49. d6 1/2-1/2

[Event "Atyrau op"]
[Site "Atyrau"]
[Date "2022.08.20"]
[Round "6"]
[White "Tleukhanov, Yerlan"]
[Black "Ponkratov, Pavel"]
[Result "0-1"]
[WhiteElo "1965"]
[BlackElo "2627"]
[PlyCount "114"]
[EventDate "2022.08.15"]
[EventType "swiss"]
[EventRounds "9"]
[EventCountry "KAZ"]
[SourceTitle "CBM 210 Extra"]
[Source "ChessBase"]
[SourceDate "2022.11.30"]
[SourceVersion "1"]
[SourceVersionDate "2022.11.30"]
[SourceQuality "1"]

1. e4 e5 2. Nf3 Nc6 3. Bc4 Nf6 4. d3 h6 5. c3 d6 6. Nbd2 g6 7. 0-0 Bg7 8. Bb3 0-0 9. Re1 Kh8 10. d4 Nd7 11. Nf1 Rb8 12. Ne3 b5 13. Nd5 Na5 14. Bc2 c6 15. Nb4 Bb7 16. d5 c5 17. Nc6 Nxc6 18. dxc6 Bxc6 19. Qxd6 Rb6 20. Qd1 f5 21. b4 fxe4 22. Bxe4 Bxe4 23. Rxe4 Nf6 24. Qxd8 Rxd8 25. Re1 cxb4 26. Nxe5 Kh7 27. cxb4 Re6 28. Bb2 Rd2 29. Bc3 Rc2 30. Rec1 Rxc1+ 31. Rxc1 Nd5 32. f4 Nxf4 33. Re1 Nd5 34. Nf3 Rxe1+ 35. Bxe1 g5 36. h3 Kg6 37. g4 a6 38. Bd2 Bc3 39. Bxc3 Nxc3 40. a3 Kf6 41. Nd2 Ke5 42. Kf2 Kd4 43. Nb3+ Kc4 44. Nd2+ Kd4 45. Nb3+ Kd5 46. Nd2 Nd1+ 47. Kg3 Ne3 48. h4 Nc4 49. hxg5 hxg5 50. Nf3 Nxa3 51. Nxg5 Nc2 52. Kf4 Nxb4 53. Ne4 Kd4 54. g5 Nd5+ 55. Kf5 Ne7+ 56. Ke6 Kxe4 57. Kxe7 Kf5 0-1